South Sudan, a new history for a new nation / (Record no. 130184)
[ view plain ]
| 000 -LEADER | |
|---|---|
| fixed length control field | 01492cam a2200337 i 4500 |
| 001 - CONTROL NUMBER | |
| control field | 19220583 |
| 003 - CONTROL NUMBER IDENTIFIER | |
| control field | ARRUPE |
| 005 - DATE AND TIME OF LATEST TRANSACTION | |
| control field | 20200123115729.0 |
| 008 - FIXED-LENGTH DATA ELEMENTS--GENERAL INFORMATION | |
| fixed length control field | 160808s2016 ohub b 001 0 eng c |
| 010 ## - LIBRARY OF CONGRESS CONTROL NUMBER | |
| LC control number | 2016036414 |
| 020 ## - INTERNATIONAL STANDARD BOOK NUMBER | |
| International Standard Book Number | 9780821422427 (pb : alk. paper) |
| 020 ## - INTERNATIONAL STANDARD BOOK NUMBER | |
| International Standard Book Number | 9780821445846 (pdf) |
| 040 ## - CATALOGING SOURCE | |
| Original cataloging agency | IEN/DLC |
| Language of cataloging | eng |
| Transcribing agency | IEN |
| Description conventions | rda |
| Modifying agency | DLC |
| 042 ## - AUTHENTICATION CODE | |
| Authentication code | pcc |
| 043 ## - GEOGRAPHIC AREA CODE | |
| Geographic area code | f-sd--- |
| 050 00 - LIBRARY OF CONGRESS CALL NUMBER | |
| Classification number | DT159.92 |
| Item number | .J64 2016 |
| 082 04 - DEWEY DECIMAL CLASSIFICATION NUMBER | |
| Classification number | 962.9 |
| Edition number | 23 |
| 300 ## - PHYSICAL DESCRIPTION | |
| Other physical details | maps ; |
| Dimensions | 18 cm. |
| 100 1# - MAIN ENTRY--PERSONAL NAME | |
| Personal name | Johnson, Douglas H. |
| Fuller form of name | (Douglas Hamilton), |
| Dates associated with a name | 1949- |
| Relator term | author. |
| 9 (RLIN) | 27392 |
| 245 10 - TITLE STATEMENT | |
| Title | South Sudan, a new history for a new nation / |
| Statement of responsibility, etc | Douglas H. Johnson. |
| 300 ## - PHYSICAL DESCRIPTION | |
| Extent | 224 pages : |
| 490 1# - SERIES STATEMENT | |
| Series statement | Ohio short histories of Africa |
| 504 ## - BIBLIOGRAPHY, ETC. NOTE | |
| Bibliography, etc | Includes bibliographical references and index. |
| 505 0# - FORMATTED CONTENTS NOTE | |
| Formatted contents note | Introduction: "This is where we came from" -- South Sudan in the Nile Basin -- Trees and wandering bulls -- Trade and empires, tribal zones and deep rurals -- Dispersal and diasporas -- The dual colonialism of the condominium -- The politics of competing nationalisms -- Two wars -- Self-determination in the Twenty-first Century -- Legacies of war. |
| 651 #0 - SUBJECT ADDED ENTRY--GEOGRAPHIC NAME | |
| Geographic name | South Sudan |
| General subdivision | History. |
| 9 (RLIN) | 49050 |
| 651 #0 - SUBJECT ADDED ENTRY--GEOGRAPHIC NAME | |
| Geographic name | Sudan |
| General subdivision | Politics and government. |
| 9 (RLIN) | 1471 |
| 651 #0 - SUBJECT ADDED ENTRY--GEOGRAPHIC NAME | |
| Geographic name | South Sudan |
| General subdivision | Politics and government. |
| 9 (RLIN) | 31158 |
| 830 #0 - SERIES ADDED ENTRY--UNIFORM TITLE | |
| Uniform title | Ohio short histories of Africa. |
| 9 (RLIN) | 22372 |
| 906 ## - LOCAL DATA ELEMENT F, LDF (RLIN) | |
| a | 7 |
| b | cbc |
| c | orignew |
| d | 1 |
| e | ecip |
| f | 20 |
| g | y-gencatlg |
| 942 ## - ADDED ENTRY ELEMENTS (KOHA) | |
| Source of classification or shelving scheme | Library of Congress Classification |
| Koha item type | Monograph ( Printed materials) |
| Withdrawn status | Lost status | Source of classification or shelving scheme | Damaged status | Not for loan | Home library | Current library | Date acquired | Total Checkouts | Full call number | Barcode | Date last seen | Price effective from | Koha item type |
|---|---|---|---|---|---|---|---|---|---|---|---|---|---|
| Library of Congress Classification | ARRUPE LIBRARY | ARRUPE LIBRARY | 23/01/2020 | DT159.92 .J64 2016 | 46600006243 | 23/01/2020 | 23/01/2020 | Monograph ( Printed materials) |